Statistics for Fortnite Quiz Chapter 2 Season 5

Click here to take the quiz!

General Stats

  • This quiz has been taken 3,849 times
    (3,752 since last reset)
  • The average score is 4 of 9

Answer Stats

QuestionAnswer% Correct
Is chest spawn rate 100%No
72%
Where is Slurpy Swamp on the map?Southwest
56%
How much does a Legendary Pump do to the head at close range?220
55%
How much damage does a Rare AR do to the body at close range?33
54%
How much does an Epic pump do to the head at close range?200
47%
How much damage does a Rare Suppressed SMG do to the head at close range?38
40%
How much structural damage does a Legendary RPG do?More than 150, Less than 500
36%
How much damage does an Epic SubMachine Gun do to the body at close range?19
33%
How many total chests spawn at Misty Meadows?27
32%

Score Distribution

Percentile by Number Answered

Percent of People with Each Score

Your Score History

You have not taken this quiz since the last reset